حدیث یا راں / (Record no. 170642)

MARC details
000 -LEADER
fixed length control field 00660nam a22001817a 4500
005 - DATE AND TIME OF LATEST TRANSACTION
control field 20191218164036.0
010 ## - LCCN (DPL NO)
LC control number A-998594
020 ## - INTERNATIONAL STANDARD BOOK NUMBER
Terms of availability 200.00
035 ## - SYSTEM CONTROL NUMBER
System control number A-998594
037 ## - SOURCE OF ACQUISITION
Source of stock number/acquisition BPPD/Pub.
082 ## - DEWEY DECIMAL CLASSIFICATION NUMBER
Classification number 846
245 ## - TITLE STATEMENT
Title حدیث یا راں /
Statement of responsibility, etc منیر الد ین احمد [اور] سید احمد سعید حمدانی
246 ## - VARYING FORM OF TITLE
Title proper/short title Hadees-E-Yaran (Urdu) /
Remainder of title by Munir D. Ahmed [and] Syed Ahmed Saeed Hamdani
260 ## - PUBLICATION, DISTRIBUTION, ETC. (IMPRINT)
Place of publication, distribution, etc دہلی
Name of publisher, distributor, etc معیار پبلی کیشنز
Date of publication, distribution, etc 1989 ء
270 ## - ADDRESS
Address کے-302/ تاج انکلیو ، گیتا کالونی
City دہلی
Postal code 110031
300 ## - PHYSICAL DESCRIPTION
Extent 400p.
Dimensions 21cm(Hb)
942 ## - ADDED ENTRY ELEMENTS (KOHA)
Source of classification or shelving scheme Dewey Decimal Classification
Item type Urdu Bks
Classification part 846
Call number suffix م ن ی
Holdings
Withdrawn status Lost status Not for loan Collection code Home library Current library Date acquired Source of acquisition Cost, normal purchase price Full call number Barcode Copy number Cost, replacement price Koha item type
      Non-fiction Central Library Central Library 18/12/2019 BPPD/Ven. 200.00 846 م ن ی A-998594 1 200.00 Urdu Bks

© Delhi Public Library
Hit Counter
free hit counter